00623cam a2200181 a 450000100100000000500170001000800410002708200190006810000210008724500920010826000840020030000280028444000290031265000130034165100400035465100340039404000130042800000154920200929145621.0800409s1978 ve a b 000 0 spa  a016.987bD772i1 aDrenikoff, Ivan.10aImpresos relativos a Venezuela :bdesde el descubrimiento hasta 1821 /cIvan Drenikoff. aCaracas :bFundación para el Rescate del Acervo Documental Venezolano,c1978. a233 p. :bil. ;c25 cm. 0aManuel Segundo Sánchez 4aImprenta 4aVenezuelaxHistoriayBIBLIOGRAFÍA 4aVenezuelaxHistoriaySIGLO XX aDO-SdBNP